Slovgram rozhovor s JUDr. Emíliou Siekelovou, riaditeľkou Slovgramu, nezávislej spoločnosti výkonných umelcov a výrobcov zvukových a zvukovo-obrazových záznamov

Bibliographic Details
Main Authors: Uličianska, Zuzana, 1962- (ain), Siekelová, Emília (Author, uin)
Format: Article
Language:Slovak
Subjects:

MARC

LEADER 00000nab a2200000 a 4500
001 vtls000715659
003 SK-MaSNL
005 20260302194816.0
008 180206c1999 xo 0 slo
015 |a SNBRB2000/03-06952 
035 |a CLN000067826 
040 |a SNKBUCL  |b slo  |c SNKBUCL  |e AACR2 
041 0 |a slo 
044 |a xo  |c SK 
080 |a 347.78:061.25(437.6)  |2 UDC-MRF-SK2 
100 1 |a Uličianska, Zuzana,  |d 1962-  |4 ain  |9 103260 
245 1 0 |a Slovgram  |b rozhovor s JUDr. Emíliou Siekelovou, riaditeľkou Slovgramu, nezávislej spoločnosti výkonných umelcov a výrobcov zvukových a zvukovo-obrazových záznamov  |c za rozhovor ďakuje Zuzana Uličianska 
610 7 |a Slovgram (Slovensko)  |x aktivity  |2 snkbucl  |9 915449 
650 0 7 |a právo autorské  |x umelci výkonní  |x interpreti umeleckí  |x ochrana právna  |2 snkbucl  |9 915450 
650 0 7 |a umelci výkonní  |x právo autorské  |2 snkbucl  |9 915451 
650 0 7 |a interpreti umeleckí  |x právo autorské  |2 snkbucl  |9 915452 
655 7 |a články z novín a časopisov  |2 snkbucl  |9 267496 
700 1 |a Siekelová, Emília  |4 aut  |4 uin  |9 915453 
773 0 |t Divadlo v medzičase  |g Roč. 4, č. 2 (1999), s. 26 
850 |a Slovenská národná knižnica v Martine 
852 |a SNK  |b KIS3GCP 
958 |a RBX 
999 |c 1450021  |d 1451951